Marie Curie / (Registro n. 7456)
[ somente texto ]
| 000 -LÍDER | |
|---|---|
| campo de controle de tamanho fixo | 01334nam a2200229 a 4500 |
| 001 - NÚMERO DE CONTROLE | |
| campo de controle | BS0002397 |
| 003 - IDENTIFICADOR DO NÚMERO DE CONTROLE | |
| campo de controle | BR-BrBNA |
| 005 - DATA E HORÁRIO DA ÚLTIMA TRANSAÇÃO | |
| campo de controle | 20230418192023.0 |
| 008 - CAMPO DE DADOS FIXOS--INFORMAÇÃO GERAL | |
| campo de controle de tamanho fixo | 230308b |||||||| |||| 00| 0 por d |
| 040 ## - FONTE DA CATALOGAÇÃO | |
| Instituição da catalogação original | BR-BrBNA |
| Idioma da catalogação | por |
| Instituição que transcreveu o registro | Biblioteca Nacional de Agricultura |
| 041 ## - CÓDIGO DE IDIOMA | |
| Código do idioma do texto/trilha sonora ou título diferente | por |
| 072 ## - CÓDIGO DE CATEGORIA DE ASSUNTO | |
| Código de Categoria de Assunto | B60 |
| 090 ## - NÚMERO DE CHAMADA LOCAL | |
| Número de chamada | B60 BS0002397 |
| 100 1# - ENTRADA PRINCIPAL--NOME PESSOAL | |
| Nome pessoal | Birch, B. |
| 245 1# - TÍTULO | |
| Título | Marie Curie / |
| 260 3# - PUBLICAÇÃO, DISTRIBUIÇÃO, ETC. | |
| Local de publicação, distribuição, etc. | São Paulo, SP: |
| Nome do editor, distribuidor, etc. | Globo, |
| Data da publicação, distribuição, etc. | 1993. |
| 300 ## - DESCRIÇÃO FÍSICA | |
| Extensão | 64 p. |
| 520 3# - NOTA DE RESUMO, ETC | |
| Resumo, etc. | Marie Curie poderia ter sido uma das mulheres mais ricas do mundo, graças às suas descobertas científicas. Preferiu, em vez disso, viver modestamente para que os benefícios de seu trabalho estivessem ao alcance de todos. Até mesmo o seu mais importante trabalho foi realizado em um despojado e mal equipado galpão. Marie Curie foi a descobridora do rádio e pioneira no estudo da radioatividade. Sua contribuição para a pesquisa da cura do câncer foi imensa, resultando em milhões de vidas salvas. Lutando contra obstáculos aparentemente impossíveis de transpor, a vida de Marie Curi é uma história de coragem. Partindo de uma situação em que era impossível a uma mulher obter sequer o ensino básico, ela chegou a ser doutora em Ciências e a ganhar dois prêmios Nobel. |
| 650 ## - ASSUNTO--TERMO TÓPICO | |
| Cabeçalho tópico ou nome geográfico | BIOGRAFIA |
| 909 ## - | |
| -- | 202304 |
| -- | Sergio Santos |
| -- | 56 |
| -- | Sergio Santos |
| 942 ## - ELEMENTOS DE ENTRADA ADICIONADOS (KOHA) | |
| Tipo de material Koha | Livros |
| Situação do descarte | Fonte da classificação ou esquema de arquivamento na estante | Situação física | Não pode ser emprestado | Coleção | Biblioteca de origem | Biblioteca atual | Total de empréstimos | Número de telefone completo | Código de barras | Data de último acesso | Número do exemplar | Tipo de material Koha | Situação das perdas | Data de aquisição | Fonte de aquisição | Qualificador de local codificado | Custo, preço normal de compra | Número do inventário | Custo, preço de reposição | Preço efetivo de |
|---|---|---|---|---|---|---|---|---|---|---|---|---|---|---|---|---|---|---|---|---|
| Classificação AGRIS | Acervo Cultural | Espaço Ceres - QVT/MAPA | Espaço Ceres - QVT/MAPA | B60 BS0002397 | 2023-436784 | 12/04/2023 | 01 | Livros | 2023-04-04 | Doação | B60 |

BINAGRI